| 000 | 01109nam a2200301Ia 4500 | ||
|---|---|---|---|
| 001 | ebr10255971 | ||
| 003 | CaPaEBR | ||
| 006 | m u | ||
| 007 | cr cn||||||||| | ||
| 008 | 050226s2004 enka s 001 0 eng d | ||
| 020 | _z1860944892) | ||
| 020 | _z1860945015 (pbk.) | ||
| 020 | _z9781860944895 | ||
| 040 |
_aCaPaEBR _cCaPaEBR |
||
| 035 | _a(OCoLC)57478653 | ||
| 050 | 1 | 4 |
_aQB806 _b.S658 2004eb |
| 100 | 1 |
_aSmith, Michael D. _q(Michael David), _d1955- |
|
| 245 | 1 | 4 |
_aThe origin of stars _h[electronic resource] / _cMichael D. Smith. |
| 260 |
_aLondon : _bImperial College Press, _cc2004. |
||
| 300 |
_axiii, 248 p. : _bill. |
||
| 500 | _aIncludes index. | ||
| 533 |
_aElectronic reproduction. _bPalo Alto, Calif. : _cebrary, _d2011. _nAvailable via World Wide Web. _nAccess may be limited to ebrary affiliated libraries. |
||
| 650 | 0 |
_aStars _xEvolution. |
|
| 650 | 0 |
_aStars _xFormation. |
|
| 655 | 7 |
_aElectronic books. _2local |
|
| 710 | 2 | _aebrary, Inc. | |
| 856 | 4 | 0 |
_uhttp://site.ebrary.com/lib/rucke/Doc?id=10255971 _zAn electronic book accessible through the World Wide Web; click to view |
| 999 |
_c33323 _d33323 |
||